000 00455nam a2200181Ia 4500
005 20250603145551.0
008 250603s9999 xx 000 0 und d
020 _a9788122409741
050 _aTN 805 .S56/
100 _aSingh, R. D.
245 0 _aPrinciples and practices of modern coal mining
260 _aNew Delhi
260 _bNew Age International Publishers
260 _c2015
300 _a696 p
650 _aNew Delhi
942 _cBK
999 _c42230
_d42230